000 00578ntaaa2200205 4500
003 01
005 20251027202922.0
008 0714s1973 ag 01
040 _aAR-BaBN
_bspa
_cAR-BaBN
_eaacr
_dRIC
082 _a922.0000 V23
100 _aValbuena Cabarga, Miguel
_929713
245 _aFray Luis de León
250 _a1 ed.
260 _aMéxico :
_bPublicaciones de la Fuente,
_cc1962
300 _a125 p
500 _aBiografía de Fray Luis de León
650 _aLuis de León, Fray-biografía
_929714
650 _abiografía-León, Fray Luis de
_929715
942 _cBK
999 _c24442
_d24442